En la casa de Libia Una meditación /

Se plantea una reflexión sobre el mito griego de Libya, un personaje poco presente en la tradición mitológica, pero que tuvo una influencia importante en diversas narrativas históricas y geográficas.

Guardado en:
書目詳細資料
主要作者: Mudimbe, Valentin Y.
格式: Texto
主題:
標簽: 添加標簽
沒有標簽, 成為第一個標記此記錄!

MARC

LEADER 00000 a a2200000 04500
001 41531
003
040
100 |a Mudimbe, Valentin Y.  
245 |a En la casa de Libia   |b Una meditación /  |c Valentin Y. Mudimbe  
520 |a Se plantea una reflexión sobre el mito griego de Libya, un personaje poco presente en la tradición mitológica, pero que tuvo una influencia importante en diversas narrativas históricas y geográficas.  
590 |a EFU/DICIEMBRE2011  
650 |a 1.GRECIA  
650 |a 2.FILOSOFIA  
650 |a 3.TEORIA  
650 |a 4.MITOLOGIA  
650 |a 5.PATRIMONIO CULTURAL  
773 |g 11 (enero-junio , 2009), páginas 141-193  
999 |c 35655  |d 35655